000 00572nam a2200181Ia 4500
003 GCL
008 140319s9999 xx 000 0 ara d
040 _aGCL /
_cGCL
082 0 4 _a345
_bج ن
100 1 _aجلال ثروت
245 1 0 _aنظم القسم العام فى قانون العقوبات المصرى /
_cجلال ثروت
260 _a[S.N] :
_bمكتبه النهضه المصريه ،
_c1989
300 _a510 ص
490 _aالكتب القانونية
_v0
650 0 4 _aالقانون
650 0 4 _aقانون العقوبات
942 _2ddc
_cBK
999 _c42086
_d42086